Word Ladder: Sporcle Bumper Sticker? Quiz Stats

 Plays Quiz Updated Sep 3, 2012

Support Sporcle.
Go Orange.
Score 0/15 Timer 02:00
0 Plays Today
❣ HINT ❣ ❣ WORD ❣ % Correct
Chicken's homeCOOP
94.5%
SolitaryLONE
90%
Mitten fiberWOOL
88.2%
Like Luke's Hand?COOL
87.9%
Clip's hoofbeat partnerCLOP
85.1%
❣ MANY SPLENDORED THING ❣❣ YOU LOVE ❣
83.4%
____ ____, fizz fizz, oh what a relief it is!PLOP
82.2%
SharpenHONE
77.8%
❣ HINT ❣ ❣ WORD ❣ % Correct
Made a tapestryWOVE
77.6%
Norwegian or Natalie ____WOOD
76.6%
The Computer ____ Tennis ShoesWORE
72.4%
❣ ____ MISTY FOR ME ❣❣ PLAY ❣
70.5%
RusePLOY
68.8%
❣ CUSS OR PASS FOLLOWER ❣❣ WORD ❣
65.2%
❣ GANDER'S COMMENT ❣❣ HONK IF ❣
61.6%

Today's Daily Dose

Missing Word
50 Cent Songs

Word Ladder
Close Gunshot

Quick Pick
Pop Punk Bands

Get the Picture
An 'S' in Disney

From the Vault

Top Ten Artists of the '90s

by jmsr525

Music 10m
Unfortunately 'Do the Bartman' never cracked the top ten.
Remove Ads.
Support Sporcle.
Get the best of Sporcle when you Go Orange. This ad-free experience offers more features, more stats, and more fun while also helping to support Sporcle. Thank you for becoming a member.

Show Comments

Extras

Top Quizzes Today


Score Distribution

Your Account Isn't Verified!

In order to create a playlist on Sporcle, you need to verify the email address you used during registration. Go to your Sporcle Settings to finish the process.

Report this User

Report this user for behavior that violates our Community Guidelines.

Details: